00765 2200277 4500001002100000005001500021035002000036007000300056008004100059020002200100082001100122084001700133100001800150245008500168260004400253300003500297650002300332700003600355520003000391990001100421990001100432990001100443990001100454990001100465990001100476INLIS00000000000196620180518021140 a0010-0518000036ta180518 g 0 ind  a978-602-02-6139-3 a658.15 a658.15 HER b0 aHERU, Santoso1 aBijak Memberdayakan Uang Plastik /cHeru Santoso, Nataniel Kristian Susantoputra aJakarta :bElex Media Komputindo,c2015 axxii, 325 hlm :bilus ;c21 cm aMANAJEMEN KEUANGAN0 aNATANIEL, Kristian Susantoputra aBibliografi: hlm. 319-325 a16422a a16422b a16422b a16422a a16422a a16422b